000 00422nam a22001577a 4500
005 20231011163138.0
008 230901b |||||||| |||| 00| 0 eng d
020 _a8179925374
082 _a620.112
_bSEM
245 _aSemiconductor Materials and Process Technology Handbook
260 _aIndia
_bJaico Publishing House
_c2007
300 _a675
500 _aInclude index
650 _aEngineering
942 _iBook
_6BOOK
999 _c33390
_d33390